A magyar rovásírás betűrovásáról

Elmentve itt :
Bibliográfiai részletek
Szerző: Cs. Sebestyén Károly
Dokumentumtípus: Cikk
Megjelent: 1935
Sorozat:Népünk és nyelvünk 7
Kulcsszavak:Nyelvtudomány
Online Access:http://acta.bibl.u-szeged.hu/19913
LEADER 00574nab a2200169 i 4500
001 acta19913
005 20210712093426.0
008 161015s1935 hu o 0|| hun d
040 |a SZTE Egyetemi Kiadványok Repozitórium  |b hun 
041 |a hun 
100 2 |a Cs. Sebestyén Károly 
245 1 2 |a A magyar rovásírás betűrovásáról  |h [elektronikus dokumentum] /  |c  Cs. Sebestyén Károly 
260 |c 1935 
300 |a 59-67 
490 0 |a Népünk és nyelvünk  |v 7 
695 |a Nyelvtudomány 
856 4 0 |u http://acta.bibl.u-szeged.hu/19913/1/nepunk_007_059-067.pdf  |z Dokumentum-elérés